| 000 | 00387cam a22001217a 4500 | ||
|---|---|---|---|
| 008 | 180718b2001 xxu||||| |||| 00| 0 eng d | ||
| 100 | _aDjankov, Simeon et.al. | ||
| 245 |
_aWho owns the media? _cby Simeon Djankov et.al. |
||
| 260 |
_aWashington, D.C. _bWorld Bank _c2001 |
||
| 300 | _a52p. | ||
| 440 | _aPolicy research working paper no, 2620 | ||
| 650 | _aMass media --Government ownership | ||
| 999 |
_c286817 _d286817 |
||